Electron microscopic immunocytochemistry : (Record no. 112088)

MARC details
000 -LEADER
fixed length control field 01809cam a2200265 a 4500
008 - FIXED-LENGTH DATA ELEMENTS--GENERAL INFORMATION
fixed length control field
020 ## - INTERNATIONAL STANDARD BOOK NUMBER
International Standard Book Number 0199632480 (hbk.)
049 ## - LOCAL HOLDINGS (OCLC)
Holding library MAIN
090 ## - LOCALLY ASSIGNED LC-TYPE CALL NUMBER (OCLC); LOCAL CALL NUMBER (RLIN)
Classification number (OCLC) (R) ; Classification number, CALL (RLIN) (NR) RB46.7
003 - CONTROL NUMBER IDENTIFIER
control field
005 - DATE AND TIME OF LATEST TRANSACTION
control field 20230120203824.0
040 ## - CATALOGING SOURCE
Transcribing agency NUST
245 00 - TITLE STATEMENT
Title Electron microscopic immunocytochemistry :
Remainder of title principles and practice /
Statement of responsibility, etc. edited by Julia M. Polak and John V. Priestley.
260 ## - PUBLICATION, DISTRIBUTION, ETC.
Place of publication, distribution, etc. Oxford [England] ;
-- New York :
Name of publisher, distributor, etc. Oxford University Press,
Date of publication, distribution, etc. 1992.
300 ## - PHYSICAL DESCRIPTION
Extent xiv, 267 p. :
Other physical details ill. ;
Dimensions 25 cm.
440 #0 - SERIES STATEMENT/ADDED ENTRY--TITLE
Title Modern methods in pathology
504 ## - BIBLIOGRAPHY, ETC. NOTE
Bibliography, etc. note Includes bibliographical references and index.
505 0# - FORMATTED CONTENTS NOTE
Formatted contents note Introduction and overview of electron microscopic immunocytochemical procedures / J.V. Priestley -- Electron microscopic immunocytochemistry in histopathology / C.H.S. Cameron and P.G. Toner -- Post-embedding electron microscopic immunocytochemistry / A. Merighi -- Pre-embedding electron microscopic immunocytochemistry / J.V. Priestley, F.J. Alvarez and S. Averill -- Immunocytochemistry of cryosections / P. Monaghan and A. Atherton -- Electron microscopic immunocytochemistry of endocrine tumours / A.E. Bishop and J.M. Polak -- Electron microscopic immunocytochemistry in renal disease / M.D. Al-Nawab and D.R. Davies -- Electron microscopic immunocytochemistry in neuropathology / J.W. Ironside -- Electron microscopic immunocytochemistry in dermatology / R.A.J. Eady and H. Shimizu -- Electron microscopic immunocytochemistry in microbiology / J.E. Beesley -- General solutions and reagents -- List of suppliers.
650 #0 - SUBJECT ADDED ENTRY--TOPICAL TERM
Topical term or geographic name entry element Electron microscopic immunocytochemistry.
653 0# - INDEX TERM--UNCONTROLLED
Uncontrolled term Humans
-- Tissues
-- Microscopy
700 1# - ADDED ENTRY--PERSONAL NAME
Personal name Polak, Julia M.
700 1# - ADDED ENTRY--PERSONAL NAME
Personal name Priestley, John V.
907 ## - LOCAL DATA ELEMENT G, LDG (RLIN)
a .b10006138
b 13-02-12
c 17-04-03
942 ## - ADDED ENTRY ELEMENTS (KOHA)
Koha item type Ordinary Loan Books
Call number prefix RB46.7
Holdings
Date last seen Total Checkouts Full call number Barcode Cost, replacement price Price effective from Koha item type Lost status Source of classification or shelving scheme Damaged status Not for loan Collection Withdrawn status Home library Current library Shelving location Date acquired Cost, normal purchase price
01/20/2023   RB46.7 ELE 92003015143 80.00 01/20/2023 BOOKS   LCC     NFIC   Medical Medical GEN 01/20/2023 80.00